书目信息 |
| 题名: |
汽车覆盖件模具设计要点
|
|
| 作者: | 廖伟 , 杨云龙 主编 | |
| 分册: | ||
| 出版信息: | 北京 化学工业出版社 2016.11 |
|
| 页数: | 175页 | |
| 开本: | 26cm | |
| 丛书名: | ||
| 单 册: | ||
| 中图分类: | U463.820.2 | |
| 科图分类: | ||
| 主题词: | 汽车--车体覆盖件--模具--设计 | |
| 电子资源: | ||
| ISBN: | 978-7-122-27744-2 | |
| 000 | 00971nam0 2200241 450 | |
| 001 | 0400002205 | |
| 005 | 20171020135931.0 | |
| 010 | @a978-7-122-27744-2@dCNY58.00 | |
| 100 | @a20161027d2016 em y0chiy50 ea | |
| 101 | 0 | @achi |
| 102 | @aCN@b110000 | |
| 105 | @aa z 000yy | |
| 106 | @ar | |
| 200 | 1 | @a汽车覆盖件模具设计要点@9qi che fu gai jian mu ju she ji yao dian@f廖伟,杨云龙主编 |
| 210 | @a北京@c化学工业出版社@d2016.11 | |
| 215 | @a175页@c图@d26cm | |
| 330 | @a本书结合生产实际的需要,从工程实用角度出发,系统讲述了汽车覆盖件模具设计的方法及要点。主要内容包括:汽车覆盖件与模具概述、汽车覆盖件模具通用结构设计要点、汽车覆盖件拉延模设计要点、汽车覆盖件修边冲孔模设计要点、汽车覆盖件翻边整形模设计要点、汽车覆盖件斜楔模具设计要点。 | |
| 606 | 0 | @a汽车@x车体覆盖件@x模具@x设计 |
| 690 | @aU463.820.2@v5 | |
| 701 | 0 | @a廖伟@9liao wei@4主编 |
| 701 | 0 | @a杨云龙@9yang yun long@4主编 |
| 801 | 0 | @aCN@b91MARC@c20171020 |
| 905 | @b1031715-9@dU463.820.2@f5@e530 | |
| 汽车覆盖件模具设计要点/廖伟,杨云龙主编.-北京:化学工业出版社,2016.11 |
| 175页:图;26cm |
| ISBN 978-7-122-27744-2:CNY58.00 |
| 本书结合生产实际的需要,从工程实用角度出发,系统讲述了汽车覆盖件模具设计的方法及要点。主要内容包括:汽车覆盖件与模具概述、汽车覆盖件模具通用结构设计要点、汽车覆盖件拉延模设计要点、汽车覆盖件修边冲孔模设计要点、汽车覆盖件翻边整形模设计要点、汽车覆盖件斜楔模具设计要点。 |
| ● |
| 相关链接 |
|
|
|
|
正题名:汽车覆盖件模具设计要点
索取号:U463.820.2/530
 
预约/预借
| 序号 | 登录号 | 条形码 | 馆藏地/架位号 | 状态 | 备注 |
| 1 | 1031715 | 210317156 | 第二样本阅览室/ [索取号:U463.820.2/530] | 在馆 | |
| 2 | 1031716 | 210317165 | 密集书库-物理学院/ [索取号:U463.820.2/530] | 在馆 | |
| 3 | 1031717 | 210317174 | 第三借阅区/ [索取号:U463.820.2/530] | 在馆 | |
| 4 | 1031718 | 210317183 | 第三借阅区/ [索取号:U463.820.2/530] | 在馆 | |
| 5 | 1031719 | 210317192 | 第三借阅区/ [索取号:U463.820.2/530] | 在馆 |